000 02059nam a2200325Ia 4500
999 _c38475
_d38475
001 4488
003 GE_BSU
005 20191018105021.0
008 181216s2012||||ge |||||||||||||| ||geo||
020 _a97899412196713
040 _cGE_BSU
041 _ageo
080 _a27–9+27-242+27–246 გ–59
100 _aგოგებაშვილი, იაკობ
_94821
245 _aსაღმრთო ისტორია. წიგნი 24
_bკოლექცია ბავშვებისათვის : [24 წიგნად]. წ. 24 /
_cიაკობ გოგებაშვილი ; მთ. რედ. მაია ალუდაური ; მხატვ.: გოჩა კაკაბაძე, მამუკა შენგელია ; ტექსტის რედ. მუშაობდნენ: ზურაბ სარჯველაძე, თამაზ ტონია, თამაზ ჩუბინიძე.
264 _aთბილისი :
_bპალიტრა L,
_c2012.
300 _a47 გვ. ;
_b20 სმ.
490 _aჟურნალ "კარიბჭის" ბიბლიოთეკა
500 _a იბეჭდება სრ. საქ. კათოლიკოს-პატრიარქის ილია II-ის ლოცვა-კურთხევით
541 _h3ლ
653 _aრელიგია
653 _aსასულიერო სწავლებანი
700 _aალუდაური, მაია
_eრედაქტორი
_92096
700 _aსარჯველაძე, ზურაბ
_eრედაქტორი
_94822
700 _aტონია, თამაზ
_eრედაქტორი
_94823
700 _aჩუბინიძე, თამაზ
_eრედაქტორი
_92098
700 _aკაკაბაძე, გოჩა
_eმხატვარი
_92099
700 _aშენგელია, მამუკა
_eმხატვარი
_92100
942 _cBK
_2udc